<?xml version="1.0" encoding="UTF-8"?>
<record
    xmlns:xsi="http://www.w3.org/2001/XMLSchema-instance"
    xsi:schemaLocation="http://www.loc.gov/MARC21/slim http://www.loc.gov/standards/marcxml/schema/MARC21slim.xsd"
    xmlns="http://www.loc.gov/MARC21/slim">

  <leader>00630nam a22002057a 4500</leader>
  <controlfield tag="003">OSt</controlfield>
  <controlfield tag="005">20250618103309.0</controlfield>
  <controlfield tag="008">250618b        |||||||| |||| 00| 0 eng d</controlfield>
  <datafield tag="020" ind1=" " ind2=" ">
    <subfield code="a">9783527345311</subfield>
  </datafield>
  <datafield tag="040" ind1=" " ind2=" ">
    <subfield code="a">KABU</subfield>
    <subfield code="c">KABU</subfield>
  </datafield>
  <datafield tag="050" ind1=" " ind2=" ">
    <subfield code="a">QD251.3</subfield>
    <subfield code="b">.V54 2019</subfield>
  </datafield>
  <datafield tag="100" ind1=" " ind2=" ">
    <subfield code="a">Vogel, Pierre</subfield>
  </datafield>
  <datafield tag="245" ind1=" " ind2=" ">
    <subfield code="a">Organic chemistry:</subfield>
    <subfield code="b">theory, reactivity  and mechanisms in modern synthesis, workbook /</subfield>
    <subfield code="c">Pierre Vogel &amp; Kendall N. Houk</subfield>
  </datafield>
  <datafield tag="260" ind1=" " ind2=" ">
    <subfield code="a">Weinheim, Germany:</subfield>
    <subfield code="b">Wiley-VCH,</subfield>
    <subfield code="c">2019</subfield>
  </datafield>
  <datafield tag="300" ind1=" " ind2=" ">
    <subfield code="a">v, 282p.</subfield>
  </datafield>
  <datafield tag="504" ind1=" " ind2=" ">
    <subfield code="a">Include Bibliographical references</subfield>
  </datafield>
  <datafield tag="650" ind1=" " ind2=" ">
    <subfield code="a">Organic chemistry</subfield>
  </datafield>
  <datafield tag="700" ind1=" " ind2=" ">
    <subfield code="a">Houk, Kendall N.</subfield>
  </datafield>
  <datafield tag="942" ind1=" " ind2=" ">
    <subfield code="2">lcc</subfield>
    <subfield code="c">BK</subfield>
  </datafield>
  <datafield tag="999" ind1=" " ind2=" ">
    <subfield code="c">20751</subfield>
    <subfield code="d">20750</subfield>
  </datafield>
  <datafield tag="952" ind1=" " ind2=" ">
    <subfield code="0">0</subfield>
    <subfield code="1">0</subfield>
    <subfield code="2">lcc</subfield>
    <subfield code="7">0</subfield>
    <subfield code="a">KABU</subfield>
    <subfield code="b">KABU</subfield>
    <subfield code="c">GEN</subfield>
    <subfield code="d">2025-06-18</subfield>
    <subfield code="g">7500.00</subfield>
    <subfield code="i">2025/2162</subfield>
    <subfield code="l">0</subfield>
    <subfield code="o">QD251.3 .V54 2019 C.1</subfield>
    <subfield code="p">33168</subfield>
    <subfield code="r">2025-06-18 10:34:13</subfield>
    <subfield code="t">C.1</subfield>
    <subfield code="w">2025-06-18</subfield>
    <subfield code="y">BK</subfield>
  </datafield>
  <datafield tag="952" ind1=" " ind2=" ">
    <subfield code="0">0</subfield>
    <subfield code="1">0</subfield>
    <subfield code="2">lcc</subfield>
    <subfield code="7">0</subfield>
    <subfield code="a">KABU</subfield>
    <subfield code="b">KABU</subfield>
    <subfield code="c">GEN</subfield>
    <subfield code="d">2025-06-18</subfield>
    <subfield code="g">7500.00</subfield>
    <subfield code="i">2025/2161</subfield>
    <subfield code="l">0</subfield>
    <subfield code="o">QD251.3 .V54 2019 C.2</subfield>
    <subfield code="p">33167</subfield>
    <subfield code="r">2025-06-18 10:34:13</subfield>
    <subfield code="t">C.2</subfield>
    <subfield code="w">2025-06-18</subfield>
    <subfield code="y">BK</subfield>
  </datafield>
</record>
